000
00256nam a22001097a 4500
008
170105b xxu||||| |||| 00| 0 eng d
020
_a
9780135028674
041
_a
eng
080
_2
1ST
_a
618.2
245
_a
FORENSIC SCIENCE
_c
SAFERSTEIN. R
942
_2
udc
_c
BK
999
_c
2562
_d
2562